Statistics for Little Mix Songs

Click here to take the quiz!

General Stats

  • This quiz has been taken 98 times
    (75 since last reset)
  • The average score is 39 of 64

Answer Stats

Lyric Song % Correct
fingers on my buttons and now you're playingTouch
92%
it's only natural that I'm so affectedDNA
90%
or would you play it safe insteadSecret Love Song (ft. Jason Derulo)
87%
can't stop a hurricane ladies it's time to awakeSalute
84%
then blocked your number from my phone mmShout Out to My Ex
82%
and they can't detain youWings
82%
gotta bleach him out peroxide on himHair
80%
so come and get it while you've still got timeBlack Magic
80%
last night I lay in bed so blueLove Me Like You
77%
hands on the clock only turn one wayLittle Me
77%
oh silly why you afraid don't be a big babyMove
77%
now I accidentally need you I don't know what to doOops (feat. Charlie Puth)
75%
you can get a little weird for freeWeird People
75%
if you don't baby you should know I'm the one who's in controlPower
75%
she captures her reflectionChange Your Life
75%
do you remember what he saidBoy
75%
do you still use a bluetoothYou Gotta Not
74%
I've called a thousand TimesThese Four Walls
70%
men in white coats coatsMadhouse
67%
your voice dropped you thought that you could handle meGrown
67%
I wanna say screw youF.U.
67%
people on the street watch us in the back seat ohBeep Beep
67%
one kiss turned the skies to greyLightning
67%
and you'd hold me here just becauseLove Me Or Leave Me
66%
they wanna know who I'm sneakin' into my placeDown & Dirty
64%
you got that goody goodyA.D.I.D.A.S.
64%
release your curse cause I know my worthGood Enough
64%
I don't even know why they fall like dominoesOMG
64%
on baby I'm sure that I'm not gonna fall this timeTowers
64%
whenever I don't answer you be leavin messagesHow Ya Doin'? (feat. Missy Elliot)
61%
going home take the long way roundNo More Sad Songs
61%
I just wanna scream outI Love You
61%
you don't have to come firstCompetition
61%
to get high we gotta get lowPrivate Show
59%
all you sucker djs who think you're flyWord Up!
59%
and I can't keep lyingThe End
59%
now I'm done with all your negativityStand Down
57%
if I had everything it wouldn't mean a thingNothing Feels Like You
57%
let's take it back to where we first beganThe Beginning
57%
you don't know about our loveThey Just Don't Know You
56%
if I ain't got nothin' least I got youYour Love
56%
cause you only see me when my guard is downNobody Like You
56%
why can't I say that I'm in loveSecret Love Song Pt. II
54%
all things that we do for loveNothing Else Matters
54%
until your'e not standing at my doorTurn Your Face
52%
little boy you better run alongFreak
51%
no need to tryAbout the Boy
51%
now that's twice as deepRed Planet (feat. T-Boz)
51%
while I'm taking boxes you'll be counting sheepGoing Nowhere
51%
when you need me the heavens will send a message withinAlways Be Together
48%
hold your head up see the daylightI Won't
48%
promise I'll be drinking all your lemonadeLove Drunk
44%
I'm just doing meWe Are Who We Are
44%
I got a spoonful of sugarA Different Beat
44%
there's still a little bit of your ghostCannonball
44%
to deep too narrow to short to widePretend It's OK
43%
behind these walls so tallCase Closed
43%
I feel the rain on my skinSee Me Now
39%
gotta remember nothing lasts foreverClued Up
38%
come back over and overMr. Loverboy
36%
I'll be the ears you talk toMake You Believe
31%
don't wanna be myselfStereo Soldier
30%
we can burn brighter than the sunWe Are Young (Acoustic)
28%
why you making me what so longTouch (Acoustic)
26%

Score Distribution

Percentile by Number Answered

Percent of People with Each Score

Your Score History

You have not taken this quiz since the last reset